000 00593nam a22001697a 4500
003 OSt
005 20241104162048.0
008 241104b |||||||| |||| 00| 0 eng d
040 _c0
082 _aDPer050 M72 January-March 2018 v. 66 no. 8-10
100 _aAbejuela, Peter S.
_eauthor.
_963548
245 _aPagpapasya at pagkilos nang may pananagutan tungo sa kabutihan nang lahat /
_cPeter S. Abejuela.
260 _aManila, Philippines ;
_bIn the Grade School, Inc,
_cNovember 2018.
300 _aVolume 66, page 237.
700 _aAbejuela, Peter S.
_eauthor.
_961970
942 _2ddc
_cPER
999 _c22973
_d22973